| 000 | 00787nas a2200277 4500 | ||
|---|---|---|---|
| 001 | BR9705344 | ||
| 003 | BR-BrBNA | ||
| 005 | 20231205100628.0 | ||
| 007 | ta | ||
| 008 | 230509b bl.|||p| |||| 00| 00por d | ||
| 040 |
_aBR-BrBNA _bpor _cBiblioteca Nacional de Agricultura |
||
| 041 | _a(Pt) | ||
| 072 | _aL70 | ||
| 100 | 1 | _aMoraes, M.P. | |
| 100 | 1 | _aWeiblen, R. | |
| 100 | 1 | _aSilva, A.M. da | |
| 100 | 1 | _aTobias, F.L. | |
| 245 | 1 | _aEvolucao da imunidade passiva em femeas bovinas da raca Holandesa | |
| 650 | _aGado Holandes | ||
| 650 | _aVaca | ||
| 650 | _aImunidade | ||
| 650 | _aImunoglobulina | ||
| 773 | 0 |
_tCiencia Rural (Brazil) _xISSN 0103-8478 _g(Jul-Aug 1997), v. 27(3) p. 435-440 _wBR9705344 |
|
| 909 |
_a202311 _bLúcia _c55 _dLúcia Elande |
||
| 942 |
_2AGRIS _n0 _cANA |
||
| 999 |
_c157098 _d157098 |
||